Drought tolerance of modern Hevea clones grown in the north Konkan region of Maharashtra (Record no. 57385)

MARC details
000 -LEADER
fixed length control field 00580nam a2200217Ia 4500
100 ## - MAIN ENTRY--AUTHOR NAME
Personal name Ravichandran S
245 #0 - TITLE STATEMENT
Title Drought tolerance of modern Hevea clones grown in the north Konkan region of Maharashtra
260 ## - PUBLICATION, DISTRIBUTION, ETC. (IMPRINT)
Name of publisher Natural Rubber Research
Year of publication 2011
300 ## - PHYSICAL DESCRIPTION
Number of Pages 165-169
650 ## - SUBJECT ADDED ENTRY--TOPICAL TERM
Topical Term Drought
650 ## - SUBJECT ADDED ENTRY--TOPICAL TERM
Topical Term Drying
650 ## - SUBJECT ADDED ENTRY--TOPICAL TERM
Topical Term Hevea brasiliensis
650 ## - SUBJECT ADDED ENTRY--TOPICAL TERM
Topical Term Leaf fall
650 ## - SUBJECT ADDED ENTRY--TOPICAL TERM
Topical Term Yellowing
700 ## - ADDED ENTRY--PERSONAL NAME
Personal name Annamalainathan K
700 ## - ADDED ENTRY--PERSONAL NAME
Personal name Jacob J
700 ## - ADDED ENTRY--PERSONAL NAME
Personal name Krishnakumar R
700 ## - ADDED ENTRY--PERSONAL NAME
Personal name Singh M
942 ## - ADDED ENTRY ELEMENTS (KOHA)
Koha item type Journals
Holdings
Withdrawn status Lost status Damaged status Not for loan Home library Current library Shelving location Date acquired Serial Enumeration / chronology Koha item type
      Journals RRII Library RRII Library Physiology 17/12/2021 Volume 24, Issue 1 Journals